Ekologizácia ekonomiky a ekonomické škody
Negatívne vplyvy podnuikateľskej činnosti, najmä výrobných podnikov, na životné prostredie spôsobujú destabilizáciu ekosystémov a tým zhoršujú kvalitu životného prostredia mnohým subjektom pôsobiacim nielen v ich bezprosterdnom okolí. V dôsledku negatívnych vplyvov na životné prostredie dochádza k...
Salvato in:
| Autore principale: | |
|---|---|
| Altri autori: | |
| Natura: | Capitolo di libro |
| Lingua: | slovacco |
| Soggetti: | |
| Tags: |
Nessun Tag, puoi essere il primo ad aggiungerne!!
|
MARC
| LEADER | 00000nla$a2200000$$$4500 | ||
|---|---|---|---|
| 001 | 0114821 | ||
| 005 | 20240502072301.5 | ||
| 041 | 0 | |a slo | |
| 044 | |a SK | ||
| 245 | 1 | 0 | |a Ekologizácia ekonomiky a ekonomické škody |c Mária Girgošková, Daniela Romanová |
| 520 | |a Negatívne vplyvy podnuikateľskej činnosti, najmä výrobných podnikov, na životné prostredie spôsobujú destabilizáciu ekosystémov a tým zhoršujú kvalitu životného prostredia mnohým subjektom pôsobiacim nielen v ich bezprosterdnom okolí. V dôsledku negatívnych vplyvov na životné prostredie dochádza k vzniku ekonomických škôd. Ich zisťovanie je prínosom vo viacerých oblastiach. Jednou z najdôležitejších je overenie efektivity zavedených nápravných opatrení, ktoré pôsobia na zlepšovanie kvality poškodeného životného prostredia. | ||
| 610 | 2 | 0 | |a ekonomika ekologická |
| 610 | 2 | 0 | |a ekologizácia |
| 610 | 2 | 0 | |a podnik |
| 610 | 2 | 0 | |a prostredie životné |
| 610 | 2 | 0 | |a rozvoj trvalo udržateľný |
| 610 | 2 | 0 | |a škody |
| 610 | 2 | 0 | |a opatrenia |
| 610 | 2 | 0 | |a efektívnosť |
| 100 | 1 | |a Girgošková, Mária | |
| 700 | 1 | |a Romanová, Daniela, 1984- | |